000 01494nam0a2200349 4500
001 RU\NLR\bibl\162920
005 20250618054148.0
010 _a5-292-02499-6
_9100
021 _aRU
_b2001-4061
_9204
035 _a(NLR Aleph) 000159804
090 _a918962
_c918962
100 _a20010330d2000 |||y0rusy50 ca
101 0 _arus
102 _aRU
105 _ab |||||||||
200 1 _aАтлас русских говоров Среднего и Нижнего Поволжья
_fЛ. И. Баранникова
_gГоловной совет по филологии М-ва образования РФ, Ин-т рус. яз., лит. и журналистики при филол. фак. Сарат. гос. ун-та им. Н. Г. Чернышевского
210 _aСаратов
_cИзд-во Сарат. ун-та
_d2000
215 _a103 с.
_cкарт.
_d29
320 _aБиблиогр. в подстроч. прим
606 0 _aРусский язык
_jАтласы
_xДиалекты
_yПоволжье
_91532985
_3RU\NLR\auth\66969042
610 0 _aРусский язык - диалекты
675 _a811.161.1'282.2(470.4)
_v3
_zrus
686 _a16.41
_2rugasnti
686 _a81.2Рус-67
_2rubbk
686 _aШ141.12-514я64
700 1 _aБаранникова
_gЛидия Ивановна
_4070
801 0 _aRU
_bRKP
_c20010330
_gPSBO
801 1 _aRU
_bRKP
_c20010330
801 2 _aRU
_bNLR
_c20010628
_grcr
942 _cBOOK
980 _aNB